Portuguese rule in Goa, 1510-1961 / (Record no. 26832)
[ view plain ]
| 000 -LEADER | |
|---|---|
| fixed length control field | 00709nam a22002411a 4500 |
| 001 - CONTROL NUMBER | |
| control field | 26832 |
| 003 - CONTROL NUMBER IDENTIFIER | |
| rucl marc code | BD-RjUL |
| 005 - DATE AND TIME OF LATEST TRANSACTION | |
| control field | 20211209051055.0 |
| 008 - FIXED-LENGTH DATA ELEMENTS--GENERAL INFORMATION | |
| fixed length control field | 140323s1963 ii b 001 0 eng d |
| 035 ## - SYSTEM CONTROL NUMBER | |
| System control number | (BD-RjUL)26903 |
| System control number | (BD-RjUL) |
| 040 ## - CATALOGING SOURCE | |
| Original cataloging agency | ANL |
| Language of cataloging | eng |
| Transcribing agency | ANL |
| Modifying agency | BD-RjUL |
| 041 ## - LANGUAGE CODE | |
| Language code of text/sound track or separate title | eng |
| 082 04 - DEWEY DECIMAL CLASSIFICATION NUMBER | |
| Classification number | 954.799 |
| Author mark and year | RAP 1963 |
| 100 1# - MAIN ENTRY--PERSONAL NAME | |
| Personal name | Rao, R. P. |
| 9 (RLIN) | 82478 |
| 245 10 - TITLE STATEMENT | |
| Title | Portuguese rule in Goa, 1510-1961 / |
| Statement of responsibility, etc. | R. P. Rao. |
| 260 ## - PUBLICATION, DISTRIBUTION, ETC. (IMPRINT) | |
| Place of publication, distribution, etc. | New Delhi : |
| -- | Newyork : |
| Name of publisher, distributor, etc. | Asia Pub. House, |
| Date of publication, distribution, etc. | 1963. |
| 300 ## - PHYSICAL DESCRIPTION | |
| Pagination | 242 p. ; |
| Size | 22 cm. |
| 504 ## - BIBLIOGRAPHY, ETC. NOTE | |
| Bibliography, etc | Includes bibliographical references and index. |
| 651 #0 - SUBJECT ADDED ENTRY--GEOGRAPHIC NAME | |
| Geographic name | Goa (India : State) |
| General subdivision | History. |
| 9 (RLIN) | 82479 |
| Geographic name | Portugal |
| General subdivision | Colonies |
| Geographic subdivision | Asia. |
| 9 (RLIN) | 79826 |
| 942 ## - ADDED ENTRY ELEMENTS (KOHA) | |
| Source of classification or shelving scheme | Dewey Decimal Classification |
| Koha item type | Books |
| Lost status | Source of classification or shelving scheme | Damaged status | Not for loan | Collection code | Permanent Location | Current Location | Shelving location | Date acquired | Source of acquisition | Cost, normal purchase price | Total Checkouts | Full call number | Date last seen | Copy number | Koha item type |
|---|---|---|---|---|---|---|---|---|---|---|---|---|---|---|---|
| Dewey Decimal Classification | Added to bundle | Non-fiction | Central Library, University of Rajshahi | Central Library, University of Rajshahi | Reading Room | 16/07/1971 | N/A | 0.00 | 954.799 RAP 1963 | 23/03/2014 | C-1 | Books |